Hopi kachinas : (Record no. 814)

MARC details
000 -LEADER
fixed length control field 00873cam a2200289 a 4500
005 - DATE AND TIME OF LATEST TRANSACTION
control field 20260322212035.0
008 - FIXED-LENGTH DATA ELEMENTS--GENERAL INFORMATION
fixed length control field data
010 ## - LIBRARY OF CONGRESS CONTROL NUMBER
LC control number 2001280571
020 ## - INTERNATIONAL STANDARD BOOK NUMBER
International Standard Book Number 0873587782
020 ## - INTERNATIONAL STANDARD BOOK NUMBER
International Standard Book Number 087358161X (cover)
020 ## - INTERNATIONAL STANDARD BOOK NUMBER
International Standard Book Number 9780873581615 (cover)
020 ## - INTERNATIONAL STANDARD BOOK NUMBER
International Standard Book Number 9780873587785
040 ## - CATALOGING SOURCE
Original cataloging agency DLC
Transcribing agency DLC
Modifying agency DLC
043 ## - GEOGRAPHIC AREA CODE
Geographic area code n-us-az
050 00 - LIBRARY OF CONGRESS CALL NUMBER
Classification number E99.H7
Item number W72 2000
082 00 - DEWEY DECIMAL CLASSIFICATION NUMBER
Classification number 745.592/21/0899745
Edition information 21
092 ## - LOCALLY ASSIGNED DEWEY CALL NUMBER (OCLC)
Classification number 745.59 W72 1977
001 - CONTROL NUMBER
control field data
100 1# - MAIN ENTRY--PERSONAL NAME
Personal name Wright, Barton.
245 10 - TITLE STATEMENT
Title Hopi kachinas :
Remainder of title the complete guide to collecting kachina dolls /
Statement of responsibility, etc. Barton Wright.
250 ## - EDITION STATEMENT
Edition statement 1st rev. ed.
260 ## - PUBLICATION, DISTRIBUTION, ETC.
Place of publication, distribution, etc. Flagstaff, AZ :
Name of publisher, distributor, etc. Northland Pub.,
Date of publication, distribution, etc. 2000.
300 ## - PHYSICAL DESCRIPTION
Extent ix, 141 p. :
Other physical details col. ill., map ;
Dimensions 25 cm.
504 ## - BIBLIOGRAPHY, ETC. NOTE
Bibliography, etc. note Includes bibliographical references (p. 25-26) and index.
650 #0 - SUBJECT ADDED ENTRY--TOPICAL TERM
Topical term or geographic name entry element Kachina dolls
General subdivision Collectors and collecting.
650 #0 - SUBJECT ADDED ENTRY--TOPICAL TERM
Topical term or geographic name entry element Hopi Indians
General subdivision Religion.
Holdings
Withdrawn status Lost status Damaged status Not for loan Home library Current library Shelving location Date acquired Total checkouts Full call number Barcode Date last seen Price effective from Koha item type
        Centerville Centerville General stacks 22/03/2026   745.592/21/0899745 21 BC0010838 22/03/2026 22/03/2026 Books